Światowe Porty Morskie - Statystyki

Ogólne statystyki
  • Ten quiz został rozwiązany 123 razy
  • Średni wynik to 4 z 10
Statystyki odpowiedzi
Ruch Cargo Przeładunki (mln TEU) Kraj Odpowiedź % Poprawnych
2 30,92 Singapur Singapur
95%
1 36,54 Chiny Szanghaj
88%
5 20,08 Chiny Hongkong
70%
10 15,35 USA Los Angeles
53%
6 19,43 Korea Południowa Busan
22%
4 20,63 Chiny Ningbo
8%
3 24,20 Chiny Shenzhen
7%
7 17,57 Chiny Guangzhou
5%
8 17,50 Chiny Quingdao
4%
9 15,59 Zjednoczone Emiraty Arabskie Jabel Ali
0%
Nie znaleziono quizów pasujących do podanych kryteriów
Rozkład punktacji
Procent ludzi z każdym wynikiem
Percentyl według liczby udzielonych odpowiedzi
Twoja historia wyników
Nie rozwiązałeś tego quizu